| 000 | 01390nam2a2200313 4500 | ||
|---|---|---|---|
| 001 | RU\NLR\BIBL_A\011326002 | ||
| 005 | 20250806204214.0 | ||
| 035 | _a(NLR Aleph) 011326002 | ||
| 090 |
_a59771 _c59771 |
||
| 100 | _a20250806 rusy50 | ||
| 101 | 0 | _arus | |
| 102 | _aRU | ||
| 135 | _acrgn 008anaba | ||
| 200 | 0 | _a1943, ненум. вып. (27 окт.) | |
| 210 | _d1943 | ||
| 325 | 1 | _aКопия доступна в электронной библиотеке РНБ | |
| 461 | 0 |
_1001RU\NLR\BIBL_A\010704082 _12001#$aНа боевом пути$eбюллетень РК ВЛКСМ Приморского района$v1943, ненум. вып. (27 окт.) |
|
| 852 |
_aNLR _jОдн1943/25 |
||
| 856 | 0 | _uhttp://vivaldi.nlr.ru/pn000150844/view | |
| 856 | 1 | _uhttp://vivaldi.nlr.ru/pn000150844/cover | |
| 856 | 2 | _uhttp://vivaldi.nlr.ru/pn000150844/text | |
| 901 | _eГазеты | ||
| 942 | _cISSNP | ||
| 945 | _aРоссийская национальная библиотека | ||
| 980 | _aNB | ||
| 980 | _aBV | ||
| 981 | 3 | 7 |
_a(37) Ленинград в Великой Отечественной войне _b(37) Газеты блокадного Ленинграда |
| 981 | 2 | 7 |
_a(27) Периодические издания _b(27) Газеты |